Biblioteca

Las epístolas a los Colosenses y a Filemón (Registro nro. 64493)

Detalles MARC
000 -LÍDER
Campo fijo de descripción fija 01972nam a22003617a 4500
001 - NÚMERO DE CONTROL
Campo de control 768714001
003 - IDENTIFICADOR DEL NÚMERO DE CONTROL
Campo de control CO-MdFUSB
005 - FECHA Y HORA DE LA ULTIMA TRANSACCIÓN
control field 20180905084113.0
008 - ELEMENTOS DE LONGITUD FIJA -- INFORMACIÓN GENERAL
Campo fijo de descripción fija -- Información general 180905t19331976xxu||||| |||| 00| 0 spa d
040 ## - FUENTE DE CATALOGACIÓN
Agencia de catalogación original CO-MdFUSB
Idioma de catalogación spa
Agencia que realiza la transcripción CO-MdFUSB
Agencia que realiza la modificación CO-MdFUSBC
Convenciones de la descripción rda
041 ## - CÓDIGO DE IDIOMA
Código de idioma para texto/pista de sonido o título separado spa
082 ## - NÚMERO DE CLASIFICACIÓN DECIMAL DEWEY
Número de la edición del Dewey 23
Número de clasificación 227.707
Clave de autor-Numero de item ER66
100 ## - ASIENTO PRINCIPAL--NOMBRE PERSONAL
Nombre personal Erdman, Carlos R.
Término relacionador autor
245 #4 - TÍTULO
Título del Material Las epístolas a los Colosenses y a Filemón
Mención de responsabilidad, etc. / Carlos R. Erdman
264 #1 - PRODUCCIÓN, PUBLICACIÓN, DISTRIBUCIÓN, MANUFACTURA, Y COPYRIGHT
Lugar de producción, publicación, distribución, manufactura Grand Rapids, Michigan USA :
Nombre del productor, publicador, distribuidor Tell,
Fecha de producción, publicación, distribución, manufactura, o copyright ℗[1976]
264 #4 - PRODUCCIÓN, PUBLICACIÓN, DISTRIBUCIÓN, MANUFACTURA, Y COPYRIGHT
Fecha de producción, publicación, distribución, manufactura, o copyright ©1933
300 ## - DESCRIPCIÓN FÍSICA
Extensión 147 páginas ;
Dimensiones 19 cm
336 ## - TIPO DE CONTENIDO
Fuente rdacontent
Término de tipo de contenido texto
Código de tipo de contenido txt
337 ## - TIPO DE MEDIO
Fuente rdamedia
Nombre del tipo de medio sin mediación
Código del tipo de medio n
338 ## - TIPO DE SOPORTE
Fuente rdacarrier
Nombre del tipo de soporte volumen
Código Tipo de soporte nc
490 ## - MENCIÓN DE SERIE
Mención de serie Comentarios sobre los libros del Nuevo Testamento
505 ## - NOTA DE CONTENIDO
Información miscelánea l.
Título Prefacio. Col. 1:1-14:
Nota de contenido con formato preestablecido 1. Saludo. Cap. 1:1,2 -- 2. Acción de gracias. Cap. 1:3-8 -- 3. Oración. Cap. 1:9-14
505 ## - NOTA DE CONTENIDO
Información miscelánea ll.
Título Preeminencia de Cristo. Col. 1:15-23:
Nota de contenido con formato preestablecido 1. Su persona divina. Cap. 1:15-18 -- 2. Su obra reconciliación. Cap. 1:19-23
505 ## - NOTA DE CONTENIDO
Información miscelánea lll.
Título El apóstol de Cristo. Cap. 1:24 al 2:7:
Nota de contenido con formato preestablecido 1. Servicio de Pablo. Cap. 1:24-29 -- 2. Solicitud de Pablo. Cap. 2:1-7
505 ## - NOTA DE CONTENIDO
Información miscelánea IV.
Título La filosofía falsa y la fe verdadera. Caps. 2:8 al 3:4:
Nota de contenido con formato preestablecido 1. La suficiencia de Cristo. Cap. 2:8-15 -- 2. Doble advertencia. Cap. 2:16-19 -- 3. Doble exhortación. Caps. 2:20 al 3:4
505 ## - NOTA DE CONTENIDO
Información miscelánea V.
Título La vida cristiana. Caps. 3:5 al 4:6:
Nota de contenido con formato preestablecido 1. La vida antigua y la nueva. Cap. 3:5-17 -- a. Despojarse de la antigua. Cap. 3:5-11, revertirse de la nueva. Cap 3:12-17 -- 2. El hogar cristiano. Caps. 3:1 al 4:1 -- Espíritu de Oración y discreción. Cap. 4:2-6
505 ## - NOTA DE CONTENIDO
Información miscelánea Vl.
Título Los compañeros del apóstol. Caps. 4:7-17:
Nota de contenido con formato preestablecido 1. Recomendación de sus mensajeros. Cap. 4:7-9 -- 2. Saludos de amigos. Cap. 4:10-14 -- 3. Mensajes personales. Caps. 4:15-17
505 ## - NOTA DE CONTENIDO
Información miscelánea Vll.
Título Conclusión. Cap. 4:18.
563 ## - NOTA DE ENCUADERNACIÓN
Nota de encuadernación Tapa rústica
630 07 - TITULO UNIFORME
Título uniforme Biblia.
Nombre de parte o sección de la obra Colosenses
630 07 - TITULO UNIFORME
Título uniforme Biblia.
Nombre de parte o sección de la obra Filemón
942 ## - TIPO DE MATERIAL (KOHA)
Tipo de Item KOHA Libros General
Existencias
Estado de Material Estado de Perdido Forma de Clasificación Estado de Dañado No para Préstamo Colección Biblioteca de Origen Biblioteca Permanente Fecha de Adquisición Total de Préstamos Signatura Topográfica Código de Barras Última vez visto Última vez Préstado Ejemplar/Existencia Fecha de Remplazo Tipo de Material
    Dewey Decimal Classification     Colección General Biblioteca FUSBC Biblioteca FUSBC 05/09/2018 3 G 227.707 ER66c 7381 24/02/2024 30/08/2022 Ej. 1 05/09/2018 Libros General

Biblioteca FUSBC | Teléfono: (57+4) 349 88 10 Ext. 141| WhatsApp (+57) 3005338115 
E-mail: biblioteca@unisbc.edu.co | Calle 76 87-14 Robledo Palenque, Medellín, Colombia

Con tecnología Koha